Biological science
Biological Science is a dynamic reference that involves students in the process of scientific discovery. Infused with the spirit of inquiry, Biological Science teaches students to think like biologists and prepares them for success in their upper division courses.
Na minha lista:
| Autor principal: | |
|---|---|
| Formato: | Livro |
| Idioma: | Undetermined |
| Publicado em: |
Upper Saddle River, N.J.
Pearson Prentice Hall
2005
|
| Assuntos: | |
| Tags: |
Adicionar Tag
Sem tags, seja o primeiro a adicionar uma tag!
|
| Thư viện lưu trữ: | Trung tâm Học liệu Trường Đại học Cần Thơ |
|---|
| LEADER | 00761nam a2200193Ia 4500 | ||
|---|---|---|---|
| 001 | CTU_192503 | ||
| 008 | 210402s9999 xx 000 0 und d | ||
| 082 | |a 570 | ||
| 082 | |b F855 | ||
| 100 | |a Freeman, Scott | ||
| 245 | 0 | |a Biological science | |
| 245 | 0 | |c Scott Freeman | |
| 260 | |a Upper Saddle River, N.J. | ||
| 260 | |b Pearson Prentice Hall | ||
| 260 | |c 2005 | ||
| 520 | |a Biological Science is a dynamic reference that involves students in the process of scientific discovery. Infused with the spirit of inquiry, Biological Science teaches students to think like biologists and prepares them for success in their upper division courses. | ||
| 650 | |a Biology,Sinh học | ||
| 910 | |a Hải | ||
| 980 | |a Trung tâm Học liệu Trường Đại học Cần Thơ | ||